El irresistible cuento de hadas. Historia cultural y social de un género /

Bibliographic Details
Format: Libro
Language:English

MARC

LEADER 00000cam a2200000 a 4500
001 035698
003 UAHC_CL
005 20170803123911.0
008 150421b xx j 000 1 eng
040 |a UAHC_CL  |c UAHC_CL  |d UAHC_CL 
245 1 3 |a El irresistible cuento de hadas. Historia cultural y social de un género /  |c Jack Zipes. 
900 |a NTI 
942 |c BK 
952 |0 0  |1 0  |4 0  |6 NTI  |7 0  |8 General  |9 67897  |a BC  |b BC  |c General  |d 2017-08-03  |l 0  |m 3  |o NTI  |p 1430037  |q 2018-01-11  |r 2017-08-03 00:00:00  |t 1  |w 2017-08-03  |y BK 
999 |c 35698  |d 35698